Hrady a zámky České republiky = Castles of the Czech Republic = Burgen und Schlösser in der Tschechischen Republik /

Korporativní autor: Kartografie Praha (firma)
Jazyk: Němčina
Slovenština
Polština
Čeština
Angličtina
Vydáno: Praha : Kartografie Praha, a.s., [2015]
Vydání: 2. vydání
Témata:
Fyzický popis: 1 mapa : barevná ; 56 x 98 cm, na listu 67 x 99 cm, složeno na 23 x 13 cm
Language note: Místní jména česky a částečně německy, polsky a slovensky, anglický a německý text
Mapy
Uloženo v:
LEADER 02004nem a2200505 i 4500
001 nkc20152692585
003 CZ PrNK
005 20150630133026.0
007 aj canzn
008 150413t20152015xr z a 1 cze
015 |a cnb002692585 
020 |a 978-80-7393-369-2 
034 1 |a a  |b 500000  |d E0120400  |e E0185100  |f N0510400  |g N0483400 
040 |a BOA001  |b cze  |d ABA001  |e rda 
041 0 |a cze  |a eng  |a ger  |a pol  |a slo 
043 |a e-xr--- 
072 7 |a 913(437)  |x Geografie Česka a Slovenska, reálie, cestování  |2 Konspekt  |9 7 
072 7 |a 912  |x Mapy. Atlasy. Glóby  |2 Konspekt  |9 7 
080 |a 728.81  |2 MRF 
080 |a 728.82  |2 MRF 
080 |a 913(437.3)  |2 MRF 
080 |a (084.3)  |2 MRF 
110 2 |a Kartografie Praha (firma)  |7 kn20010724363 
245 1 0 |a Hrady a zámky České republiky =  |b Castles of the Czech Republic = Burgen und Schlösser in der Tschechischen Republik /  |c zpracovala a vydala Kartografie Praha 
246 3 1 |a Castles of the Czech Republic 
246 3 1 |a Burgen und Schlösser in der Tschechischen Republik 
250 |a 2. vydání 
255 |a Měřítko 1:500 000  |c (E 12°04ʹ00ʺ--E 18°51ʹ00ʺ/N 51°04ʹ00ʺ--N 48°34ʹ00ʺ) 
264 1 |a Praha :  |b Kartografie Praha, a.s.,  |c [2015] 
264 4 |c ©2015 
300 |a 1 mapa :  |b barevná ;  |c 56 x 98 cm, na listu 67 x 99 cm, složeno na 23 x 13 cm 
336 |a kartografický obraz  |b cri  |2 rdacontent 
337 |a bez média  |b n  |2 rdamedia 
338 |a list  |b nb  |2 rdacarrier 
500 |a Obsahuje rejstřík 
500 |a Vlastivědný text na rubu 
546 |a Místní jména česky a částečně německy, polsky a slovensky, anglický a německý text 
650 0 7 |a hrady  |7 ph120854  |z Česko  |2 czenas 
650 0 7 |a zámky  |7 ph127734  |z Česko  |2 czenas 
655 7 |a mapy  |7 fd132800  |2 czenas 
910 2 |a BOA001  |b Mp2-1348.306 
990 |a MP 
995 |a 01 
991 |b 201506  |c NOV  |e n 
996 6 |b 2610633728  |c Mp2-1348.306  |l MZK  |r Sklad / do 1 hodiny  |n 0  |p p.v.  |w 001507077  |u 000010  |a 1  |e BOA001  |j MZK50  |s P